Football Teams Ronaldo Nazário Played For - Statistics

General Stats
  • This quiz has been taken 102 times
  • The average score is 6 of 7
Answer Stats
League Years Team % Correct
Italy 2007-2008 AC Milan
100%
Spain 2002-2007 Real Madrid
100%
Spain 1996-1997 FC Barcelona
99%
Italy 1997-2002 Inter
99%
Netherlands 1994-1996 PSV
86%
Brazil 2009-2011 SC Corinthians
54%
Brazil 1993-1994 Cruzeiro EC
35%
No matching quizzes found
Score Distribution
Percent of People with Each Score
Percentile by Number Answered
Your Score History
You have not taken this quiz